Plato / (Record no. 193872)

000 -LEADER
fixed length control field 00526 a2200157 4500
003 - CONTROL NUMBER IDENTIFIER
control field Nust
005 - DATE AND TIME OF LATEST TRANSACTION
control field 20221206105322.0
040 ## - CATALOGING SOURCE
Transcribing agency Nust
082 ## - DEWEY DECIMAL CLASSIFICATION NUMBER
Classification number 184,LEO
100 ## - MAIN ENTRY--PERSONAL NAME
Personal name Philp Leon
9 (RLIN) 104197
245 ## - TITLE STATEMENT
Title Plato /
Statement of responsibility, etc. Philp Leon
260 ## - PUBLICATION, DISTRIBUTION, ETC.
Place of publication, distribution, etc. New yourk
Name of publisher, distributor, etc. Thoman Nelson
Date of publication, distribution, etc. 1940
300 ## - PHYSICAL DESCRIPTION
Extent 147p;
505 ## - FORMATTED CONTENTS NOTE
Formatted contents note Life and Work (Page-7), Predecessors in Philosophy (Page-7), Metaphysic –Ethic (Page-55), Political Philosophy (Page-75), The Greek City State (Page-105), Plato and Christ (Page-116).
942 ## - ADDED ENTRY ELEMENTS (KOHA)
Source of classification or shelving scheme
Koha item type Book
Call number prefix 184,LEO
Holdings
Withdrawn status Lost status Source of classification or shelving scheme Damaged status Not for loan Permanent Location Current Location Shelving location Date acquired Full call number Barcode Date last seen Price effective from Koha item type Public note
          Military College of Signals (MCS) Military College of Signals (MCS) General Stacks 12/12/2016 184,LEO MCS29605 12/08/2016 12/12/2016 Book Almirah No.46, Shelf No.6
© 2023 Central Library, National University of Sciences and Technology. All Rights Reserved.